000 00813 a2200229 4500
010 _aENG-89535
020 _a8172149710
_c150.00
035 _aEN-73068
037 _bDBAD / PUB
082 1 4 _a280.3
090 _c11109
_d11109
245 1 _aGround works for tribal theology in the Mizo context/
_cedited by Rosiamliana Tochhawng, K. Lalrinmawia and L.H. Rawsea
260 _aDelhi
_bISPCK
_c2007
270 _aPost Box 1585, 1654 Madarsa Road, Kashmere Gate
_bDelhi
_e110 006
300 _axii, 168p.
_c22cm (Pbk)
490 _aReadings in Mizo Christianity series; 1
700 _aTochhawang, Rosiamliana
700 _aLalrinmawia, L.
700 _aRawsea, L.H.
942 _adpl
_cEN
_k280.3/ GRO
999 _c10804
_d10804